Normal view
MARC view
- John E. Traister
Entry Personal Name
001 - CONTROL NUMBER
- control field: 127463
003 - CONTROL NUMBER IDENTIFIER
- control field: NUST
005 - DATE AND TIME OF LATEST TRANSACTION
- control field: 20250110101131.0
008 - FIXED-LENGTH DATA ELEMENTS
- fixed length control field: 250110|| aca||aabn | a|a d
040 ## - CATALOGING SOURCE
- Original cataloging agency: NUST
- Transcribing agency: NUST
100 ## - HEADING--PERSONAL NAME
- Personal name: John E. Traister
670 ## - SOURCE DATA FOUND
- Source citation: Work cat.: (NUST): John E. Traister, Industrial electrical wiring , 1997.
